=LDR 00000nam 2200000 4500 =001 INLIS000000000048164 =005 20160801125917.0 =006 =007 =008 =020 ##$$a 978-602-7996-09-0 =035 ##$$0010-081600000000001 =040 ##$$a ind =082 ##$$a 658.31 =090 ##$$a 658.31 $b eri k =100 ##$$a erik triadi s.ip =245 ##$$a kisi-kisi akurat psikotes =250 ##$$a cet.1 =260 ##$$a jogjakarta $b trans idea publishing $c 2013 =300 ##$$a 140 hal $b26 cm =850 ##$$a NBPDMAT =990 ##$$a21414179 =990 ##$$a 0001/BPAP-NTB/2016 =990 ##$$a 0001/BPAP-NTB/2016